000
00293nam a2200109Ia 4500
008
231011s9999 xx 000 0 und d
041
_a
eng
100
_a
E.Jerome McCarthy
245
_a
Essentials of Marketing
260
_b
Richard D Irwin ,Homewood,Irvin Dersey Ltd.Ontario -
365
_b
317
999
_c
884472
_d
884472